000 00677nam a2200205Ii 4500
003 JO-AjNU
008 230605s9999||||xx |||||||||||||| ||und||
040 _aJO-AjNU
_bara
_erda
_cJO-AjNU
041 _aara
050 1 4 _aLB1044.87 2005
100 3 _aالخان،بدر,
_eauthor
_930048
245 0 0 _aإستراتيجيات التعلم الإلكتروني
250 _aط1
264 3 1 _aالرباط:شعاع للنشر والعلوم،2005
300 _a836ص
336 _atext
_btxt
_2rdacontent
337 _aunmediated
_bn
_2rdamedia
338 _avolume
_bnc
_2rdacarrier
650 4 _aتكنولوجيا التعليم. الوسائل التعليمية
_930049
999 _aA11866
_c15434
_d15434